| 000 | 00740nam a2200229Ia 4500 | ||
|---|---|---|---|
| 005 | 20250508164129.0 | ||
| 008 | 008 250505s9999 xx 000 0 eng d | ||
| 020 | _a1-4129-0431-5 | ||
| 037 | _aReference | ||
| 040 |
_aFEDL _beng _cFEDL |
||
| 041 |
_aeng _2eng |
||
| 084 |
_a371.95, BAL _qFEDL |
||
| 100 |
_aBaldwin Alexinia Y Ed. _9777406 |
||
| 245 | 0 | _aCulturally diverse and underserved populations of gifted students | |
| 260 |
_aCalifornia, USA _bCorwin Press _c2004 |
||
| 300 | _axxxi,232p | ||
| 365 |
_aUSD _b32.95 |
||
| 490 | _aEssential readings in gifted education No.6 | ||
| 650 |
_aGifted children - Education; Multicultural education _9777407 |
||
| 942 |
_cREF _h371.95, BAL |
||
| 999 |
_c1387223 _d1387223 |
||